Library Banner

اقبال کا فلسفہ سیاسیاست (Record no. 70508)

MARC details
000 -LEADER
fixed length control field 00498nam a22001577a 4500
005 - DATE AND TIME OF LATEST TRANSACTION
control field 20150428101033.0
008 - FIXED-LENGTH DATA ELEMENTS--GENERAL INFORMATION
fixed length control field 150428b xxu||||| |||| 00| 0 eng d
040 ## - CATALOGING SOURCE
Transcribing agency PK-LaUMT
082 ## - DEWEY DECIMAL CLASSIFICATION NUMBER
Classification number KHC 320.5
Item number PAR-I
100 ## - MAIN ENTRY--PERSONAL NAME
Personal name پروین شوکت علی
245 ## - TITLE STATEMENT
Title اقبال کا فلسفہ سیاسیاست
Statement of responsibility, etc پروین شوکت علی
260 ## - PUBLICATION, DISTRIBUTION, ETC. (IMPRINT)
Place of publication, distribution, etc لاہور
Name of publisher, distributor, etc شیخ غلام علی اینڈ سنز
Date of publication, distribution, etc [N.D]
300 ## - PHYSICAL DESCRIPTION
Extent 520 ص
700 ## - ADDED ENTRY--PERSONAL NAME
Personal name ریاض الحق عباسی(مترجم
942 ## - ADDED ENTRY ELEMENTS (KOHA)
Koha item type Books
Holdings
Withdrawn status Lost status Damaged status Home library Current library Date acquired Full call number Barcode Date last seen Price effective from Koha item type
      UMT Main Campus UMT Main Campus 2015-04-28 KHC 320.5 PAR-I 71105 2015-04-28 2015-04-28 Books